Income taxes
Kaydedildi:
| Müşterek Yazar: | |
|---|---|
| Materyal Türü: | Kitap |
| Dil: | İngilizce |
| Baskı/Yayın Bilgisi: |
Londres
International Accounting Standard Committee
1996
|
| Konular: | |
| Etiketler: |
Etiketle
Etiket eklenmemiş, İlk siz ekleyin!
|
MARC
| LEADER | 00000nam a2200000 a 4500 | ||
|---|---|---|---|
| 001 | UCT4784 | ||
| 003 | CL-VaPUC | ||
| 008 | 961122e19960000UK |||||||||||||||||eng|d | ||
| 082 | 0 | 4 | |a 336.2 |b INT |2 21 |
| 110 | 2 | |a International Accounting Standard IAS 12 |e author |9 374043 | |
| 245 | 1 | 0 | |a Income taxes |
| 300 | |a 71 p | ||
| 942 | |c BK | ||
| 945 | |d 19961122 00:00:00 |a nastorga | ||
| 260 | |a Londres |b International Accounting Standard Committee |c 1996 | ||
| 650 | 0 | |a Impuestos |9 255450 | |
| 650 | 7 | |a TASACION |2 CL-VaPUC |9 262606 | |
| 650 | 7 | |a INGRESOS |2 CL-VaPUC |9 367979 | |
| 650 | 0 | |a Valores |9 309628 | |
| 650 | 7 | |a SUBSIDIOS |2 CL-VaPUC |9 349046 | |
| 650 | 0 | |a Crédito |9 256211 | |
| 650 | 0 | |a Finanzas |9 260832 | |
| 650 | 0 | |a Comercio |9 255341 | |
| 583 | |a last modification |c 19961122 00:00:00 |k Rodrigo Vera | ||
| 999 | |c 253940 |d 253938 | ||
| 952 | |0 0 |1 0 |4 0 |6 336_200000000000000_INT_1996 |7 0 |8 P |9 275151 |a BIBGIM |b BIBGIM |d 2019-11-19 |i 3250970 |o 336.2 INT 1996 |p 3250970 |r 2025-01-15 |w 2019-11-19 |y BK |k COM | ||